02044agaaa2200301 45000010005000000030009000050050017000140070009000310080040000400400023000800410013001031000048001161300022001642450196001862500022003822600111004043000034005155080222005495110089007715200536008605380016013965460013014126500064014257000070014897000060015597000066016197000057016855950IT-RoPAU20220918181252.0d cvaizq50131s9999||||xx ||| | || ||und|| aIT-RoPAUcIT-RoPAU aITALIANO aMonicelli MariogCodice regista SPICS: 3641 aSOLITI IGNOTI (I) aSOLITI IGNOTI (I)cProdotto da: Cristaldi Franco -- Sceneggiatura: Cecchi D'Amico Suso Monicelli Mario -- Diretto da: Monicelli MariopSOLITI IGNOTI (I) (Rif. Codice opera principale : H5950) aEdizione Standard a(ITALIA)bLUX FILM - VIDES / Distribuzione: IL MESSAGGEROg"1958 (1° ed.: 2005 ; Ed. Lingua Orig.: 1958)" aDVDbsonoro, col.c102 minuti a"Fotografia: Di Venanzo Gianni; Montaggio: Novelli Adriana; Musica: Umiliani Piero; Sceneggiatura: Cecchi D'Amico Suso Monicelli Mario; Scenografia: Gherardi Piero; Soggetto: Age (Incrocci Agenore) -- Scarpelli Furio" a"Gassman Vittorio; Mastroianni Marcello; Toto'; Cardinale Claudia; Salvatori Renato" aUNA BANDA DI LADRI TOTALMENTE INCAPACI, RIESCE AD AVERE LA SOFFIATA DI UN COLPO SICURO AL MONTE DI PIETA'. VANNO A LEZIONE DA UNO SCASSINATORE IN PENSIONE, MA FINIRANNO ANZICHE' NELLA STANZA DELLA CASSAFORTE, NELLA CUCINA DELL'APPARTAMENTO ADIACENTE DOVE SI CONSOLERANNO CON UN PIATTO DI PASTA E CECI. NASTRO D'ARGENTO PER LA MIGLIORE SCENEGGIATURA E MIGLIORE ATTORE A VITTORIO GASSMAN. RITRATTO TENERO E ALLEGRO DELLA POVERA ITALIA DEL DOPOGUERRA. E' RITENUTO IL CAPOLAVORO DI MARIO MONICELLI E DELLA GRANDE COMMEDIA ALL'ITALIANA. aPAL, STEREO aITALIANO aCOMMEDIA SATIRAeDVD-FILM [DVD]xCodice MATERIA SPICS: 9947 aAge (Incrocci Agenore) e(soggetto)gCodice Soggetto SPICS: 10070 aMonicelli Mario e(regista)gCodice regista SPICS: 3641 aScarpelli Furio e(soggetto)gCodice Soggetto 2° SPICS: 1529 aUmiliani Pieroe(musica)gCodice Musica SPICS: 13761